ბათუმის შოთა რუსთაველის სახელმწიფო უნივერსიტეტის ბიბლიოთეკა

გარდამავალი ქვეყნის რეფორმები ნ.1. სახელმწიფოს განვითარების დაჩქარების სტრატეგია და ლოგიკა / (ბიბ.ჩანაწერი № 34447)

000 -ლიდერი
ფიქსირებული სიგრძის საკონტროლო ველი 01237nam a2200229Ia 4500
001 - საკონტროლო ნომერი
საკონტროლო ველი 191
003 - საკონტროლო ნომრის იდენტიფიკატორი
საკონტროლო ველი GE_BSU
005 - ბოლო ოპერაციის თარიღი და დრო
საკონტროლო ველი 20250214112737.0
008 - ფიქსირებული სიგრძის მონაცემთა ელემენტები - ზოგადი ინფორმაცია
ფიქსირებული სიგრძის საკონტროლო ველი 181216s2003||||ge |||||||||||||| ||geo||
040 ## - კატალოგიზაციის წყარო
Transcribing agency GE_BSU
041 ## - ენის კოდი
Language code of text/sound track or separate title geo
080 ## - უნივერსალური ათობითი კლასიფიკაციის ინდექსი
Universal Decimal Classification number 321(479.22)+327(479.22)+339.1(479.22) გ-12
100 ## - მთავარი ჩანაწერი - პიროვნების სახელი
Personal name გაბიძაშვილი, თედორე
9 (RLIN) 24363
245 ## - ცნობა სათაურის შესახებ
Title გარდამავალი ქვეყნის რეფორმები ნ.1. სახელმწიფოს განვითარების დაჩქარების სტრატეგია და ლოგიკა /
Statement of responsibility, etc თედორე გაბიძაშვილი; ბოლოთქმა ჯ. კახიანი.
264 ## - წარმოების, გამოცემის, დისტრიბუციის და სხვა ცნობები
გამოცემის, წარმოების, დისტრიბუციის... ადგილი თბილისი,
გამოცემის, წარმოების, დისტრიბუციის... თარიღი 2003.
300 ## - ფიზიკური აღწერა
Extent 174 გვ.;
Other physical details ცხრ.
653 ## - INDEX TERM--UNCONTROLLED
Uncontrolled term გარდამავალი ქვეყნის რეფორმები
653 ## - INDEX TERM--UNCONTROLLED
Uncontrolled term ქართული სახლმწიფო ხელისუფლება
653 ## - INDEX TERM--UNCONTROLLED
Uncontrolled term დემოკრატია საქართველოში
700 ## - ADDED ENTRY--PERSONAL NAME
Personal name კახიანი, ჯ.
Relator term ბოლოსიტყვაობის ავტორი
9 (RLIN) 24364
942 ## - ADDED ENTRY ELEMENTS (KOHA)
Koha item type წიგნი
Source of classification or shelving scheme
ეგზემპლარები
ჩამოწერის სტატუსი დაკარგული ეგზემპლარის სტატუსი კლასიფიკაციის წყარო ან თაროზე გაწყობის სქემა დაზიანების სტატუსი არ გაიცემა მუდმივი მდებარეობა (დაცვის ადგილი) ამჟამინდელი ადგილსამყოფელი თაროზე განთავსების ადგილი შეძენის თარიღი ღირებულება, შესყიდვის ნორმალური ფასი სრული შენახვის შიფრი შტრიხკოდი ბოლო ოპერაციის თარიღი ეგზემპლარის მიმდევრობითი ნომერი (კეტერი?) ფასის ძალაში შესვლის თარიღი ეგზემპლარის სახეობა საჯარო შენიშვნა
          ბათუმის შოთა რუსთაველის სახელმწიფო უნივერსიტეტის მთავარი ბიბლიოთეკა ბათუმის შოთა რუსთაველის სახელმწიფო უნივერსიტეტის მთავარი ბიბლიოთეკა წიგნსაცავი 2018-12-17 15.00 321(479.22)+327(479.22)+339.1(479.22) გ-12 2074 2018-12-17 2074 2018-12-17 წიგნი 15 ლ.
          ბათუმის შოთა რუსთაველის სახელმწიფო უნივერსიტეტის მთავარი ბიბლიოთეკა ბათუმის შოთა რუსთაველის სახელმწიფო უნივერსიტეტის მთავარი ბიბლიოთეკა წიგნსაცავი 2018-12-17 15.00 321(479.22)+327(479.22)+339.1(479.22) გ-12 2075 2018-12-17 2075 2018-12-17 წიგნი 15 ლ.